01476cam a22002654a 450000100090000000300050000900500170001400800410003101000170007202000280008904000180011704200080013505000210014308200140016410000290017824500620020726000440026930000350031344000240034850400510037250506110042365000430103465000440107785600890112111814266NUST20230124154527.0991019s2000 gw a b 001 0 eng  a 99055150  a3540666788 (alk. paper) aDLCcDLCdDLC apcc00aQH506b.S89 200000a572.82211 aSurzycki, Stefan,d1936-10aBasic techniques in molecular biology /cStefan Surzycki. aBerlin ;aNew York :bSpringer,cc2000. aviii, 434 p. :bill. ;c25 cm. 0aSpringer lab manual aIncludes bibliographical references and index. aGeneral Aspects of DNA Isolation and Purification -- Preparation of Genomic DNA from Animal Cells -- Preparation of Genomic DNA from Plant Cells -- Preparation of Genomic DNA from Bacteria -- Isolation of Plasmid DNA -- Isolation and Purification of RNA -- Isolation of PolyA+ RNA -- Agarose Gel Electrophoresis of DNA -- Preparation of Probes for Hybridization -- Nucleic Acid Hybridization. A Theoretical Consideration -- DNA Transfer and Hybridization -- Northern Transfer and Hybridization -- DNA Cloning. General Consideration -- DNA Cloning - Experimental Procedures -- DNA Sequencing -- PCR Analysis 0aMolecular biologyvLaboratory manuals. 0aMolecular geneticsvLaboratory manuals.423Publisher descriptionuhttp://www.loc.gov/catdir/enhancements/fy0818/99055150-d.html